000 00566nam a2200181Ia 4500
008 100920s9999 xx 000 0 und d
082 _b46563
_a24 थ 83
100 _aकर्णिक मधुमंगेश.
245 _aलामणदिवा.
260 _bउदयदीप प्रकाशन, गिरगाव मुंबई 4.
_c1983
300 _a196
_bसाधी
365 _b30
520 _aसायो.
630 _aलामणदिवा.
650 _aसायो.
730 _aलामणदिवा.
942 _cBOOK
999 _c694348
_d694345